| 000 | 00666cam a2200241 4500 | ||
|---|---|---|---|
| 001 | J2475 | ||
| 008 | 090401t1994 xxu||||| |||| 00| 0 eng d | ||
| 035 | _a(Sirsi) u49236 | ||
| 041 | _aeng | ||
| 050 | _a692.507 | ||
| 100 | _aAshworth, Allan | ||
| 245 | _aEducation and training of quantity surveyors. | ||
| 260 |
_aAscot, Berks. _bChartered Institute of Building _c1994 |
||
| 300 | _a12p. ; 30cm. | ||
| 350 | _a0 | ||
| 490 |
_aConstruction Papers _v37 |
||
| 650 | _aABOUT RICS-RICS MEMBERS | ||
| 650 | _aQUANTITY SURVEYORS | ||
| 690 |
_aQuantity surveying _96263 |
||
| 710 |
_aChartered Institute of Building _92134 |
||
| 942 | _n0 | ||
| 948 | _c04/03/1997 | ||
| 999 |
_c92535 _d92535 |
||